Преподобный Павел Обнорский - поборник трезвости

RUSMARC
00005619cac2a2200000 x 450
001b05c6c21-c716-4371-bb4b-71b9a1ddbd87
00520160526142656.0
100##$a20160210l19121912k l0rusy0189 ca
1010#$arus
102##$aRU
2001#$aПреподобный Павел Обнорский - поборник трезвости
$e(память его - 10 января)
$fА. Воскресенский
251##$cДело
801#0$aRU
$bРГИА
$c20160210
$gRCR
801#1$aRU
$bГлавНИВЦ
$c20160210
$2rusmarc
801#2$aRU
$bПБ им. Б.Н. Ельцина
$c20160331
$gRCR
$2rusmarc
850##$aРГИА
852##$aРГИА
$eФедеральное казенное учреждение "Российский государственный исторический архив" (РГИА)
$j277
937##$hРГИА
$d12201004
$aASBIBLIO_SCAN
215##$a9 с.
$d17х12 см
105##$ay###
1220#$ad
2101#$aВологда
$cИздание Павло-Обнорского монастыря
$d1912
$gТипография н-в А. В. Гудкова-Белякова
461#0$10012640edd5-2044-417d-b282-4ec02c959e00
$12001
$aДублетный фонд НСБ
$1251
$cФонд
$1852
$j0
462#0$100101f3c915-c163-4bd9-8823-fd1c871481a4
$12001
$aДублетный фонд Библиотеки
$vД. 277
$1251
$cОпись
$1852
$j1
$lД
035##$ab05c6c21-c716-4371-bb4b-71b9a1ddbd87
600#0$aПавел Комельский
$f1317 - 1429
$2prlib_sh
$3LIBNET\UAF\0000062795
605##$2acquisition_Prlib
$3DITM\AF\0000003834
$aНарод
$lколлекция
605##$2acquisition_prlib
$3LIBNET\UAF\0000061920
$aСинод в истории российской государственности
$lколлекция
6061#$2nlr_sh
$3RU\NLR\AUTH\66538
$aЖития святых русские
686##$2rubbk
$a86.372.24-43
$vLBC/M
686##$2rubbk
$a86.37-3,8
$vLBC/M
701#1$3LIBNET\UAF\0000062991
$4070
$aВоскресенский
$bА. К.
$cдуховный писатель
$f1871-?
$gАлексей Константинович
300##$aБез титульного листа. Описано по обложке
71202$3RU\NLR\AUTH\8810138404
$4650
$aСвято-Троицкий Павло-Обнорский мужской монастырь
$cВологодская губерния
8564#$uhttp://www.prlib.ru/Lib/pages/item.aspx?itemid=138233
Формат отображения